[Event "World Blitz 2016"]
[Site "Doha QAT"]
[Date "2016.12.29"]
[Round "8.10"]
[White "Malakhov,V"]
[Black "Nepomniachtchi,I"]
[Result "0-1"]
[WhiteElo "2713"]
[BlackElo "2767"]

1.Nf3 f5 2.d3 Nf6 3.Nc3 d6 4.e4 g6 5.e5 dxe5 6.Nxe5 Bg7 7.d4 Be6 8.Be2 Nbd7
9.O-O Nxe5 10.dxe5 Nd5 11.Nxd5 Qxd5 12.Qxd5 Bxd5 13.Rd1 O-O-O 14.Bf4 h6 15.h4 e6
16.c4 Bc6 17.Rxd8+ Rxd8 18.Rd1 Rg8 19.b4 a6 20.f3 Bf8 21.Bd2 g5 22.hxg5 hxg5
23.Bc3 Rh8 24.Kf2 Be7 25.a3 Rh4 26.Rd4 Rh2 27.Kg1 Rh8 28.Rd1 Ba4 29.Rd2 Rh4
30.Rd4 Rh8 31.Rd2 c5 32.Kf2 Rh1 33.bxc5 Bxc5+ 34.Bd4 Be7 35.Bb6 Rc1 36.Kg3 Rc2
37.Rxc2 Bxc2 38.c5 Bb3 39.Kf2 f4 40.Bd3 Kd7 41.Be4 Bd5 42.Bc2 Bc4 43.Ba4+ Bb5
44.Bc2 Bc6 45.Ke2 g4 46.fxg4 Bxg2 47.Kf2 Bd5 48.Bd1 Bh4+ 49.Kg1 Bc6 50.Be2 f3
51.Bf1 Bg3 52.Bd3 Ke7 53.g5 Bxe5 54.g6 Bd4+ 55.Kh2 e5 56.Kg3 e4 57.Bc4 Kf6
58.Bf7 e3 59.Ba5 f2 60.Bc4 Kxg6  0-1

[Event "World Blitz 2016"]
[Site "Doha QAT"]
[Date "2016.12.29"]
[Round "9.20"]
[White "Jakovenko,D"]
[Black "Malakhov,V"]
[Result "1/2-1/2"]
[WhiteElo "2704"]
[BlackElo "2713"]

1.Nf3 d5 2.g3 Bg4 3.Bg2 Nd7 4.h3 Bxf3 5.Bxf3 c6 6.d3 Ngf6 7.O-O e5 8.Nd2 Be7
9.b3 O-O 10.Bb2 Re8 11.e4 d4 12.Bg2 a5 13.a4 Bb4 14.f4 Bxd2 15.Qxd2 c5 16.Qf2 Nb8
17.Bc1 Nfd7 18.f5 Nc6 19.g4 h6 20.h4 f6 21.Bf3 Kf8 22.Bd2 Ke7 23.g5 hxg5
24.hxg5 Rh8 25.Kg2 Kd6 26.Rh1 Qe7 27.Rag1 Rag8 28.Kf1 Qf8 29.Qg3 Rxh1 30.Rxh1 Rh8
31.Rg1 b6 32.Ke1 Rh7 33.Kd1 Qh8 34.Bg2 Rh4 35.Qf3 Qh5 36.Qxh5 Rxh5 37.Bf3 Rh2
38.gxf6 gxf6 39.Rg8 Ne7 40.Ra8 Nc6 41.Re8 Nb4 42.Re6+ Kc7 43.Re7 Kd8 44.Rg7 Na2
45.Rg1 Nc3+ 46.Kc1 Ne2+ 47.Bxe2 Rxe2 48.Rg8+ Ke7 49.Rc8 Rh2 50.Rc6 Kd8 51.Kd1 Ke7
52.Kc1 Kd8  1/2-1/2

[Event "World Blitz 2016"]
[Site "Doha QAT"]
[Date "2016.12.29"]
[Round "10.19"]
[White "Malakhov,V"]
[Black "Bologan,V"]
[Result "1-0"]
[WhiteElo "2713"]
[BlackElo "2640"]

1.Nf3 d5 2.e3 Nf6 3.c4 e6 4.b3 Be7 5.Bb2 O-O 6.Nc3 b6 7.d4 Ba6 8.Bd3 c5 9.cxd5 Bxd3
10.Qxd3 exd5 11.dxc5 bxc5 12.O-O Nc6 13.Rad1 Nb4 14.Qb1 Qb6 15.Ne2 Rfd8 16.Nf4 Qb7
17.Ng5 Ne4 18.Nxe4 dxe4 19.a3 Nd3 20.Nxd3 exd3 21.Rxd3 Rxd3 22.Qxd3 Rb8 23.b4 cxb4
24.axb4 Bxb4 25.h4 a5 26.h5 h6 27.Rc1 Bf8 28.Be5 Rc8 29.Rb1 Qe7 30.Bd4 Qg5
31.Qa6 Qf5 32.Ra1 Rc2 33.e4 Qxe4 34.Be3 Bb4 35.Rd1 Kh7 36.Qa7 Qf5 37.Rd7 Rb2
38.Rxf7 Rb1+ 39.Kh2 Bd6+ 40.f4 Qxh5+ 41.Kg3 Qg6+ 42.Kf3 Rb2 43.g4 Rb3 44.f5 Qg5
45.Qd4 Rb4 46.Qxb4 Bxb4 47.Bxg5 hxg5 48.Ke4 Kg8 49.Ra7 Kf8 50.Kd5 Bc3  1-0

[Event "World Blitz 2016"]
[Site "Doha QAT"]
[Date "2016.12.29"]
[Round "11.11"]
[White "Artemiev,V"]
[Black "Malakhov,V"]
[Result "1/2-1/2"]
[WhiteElo "2653"]
[BlackElo "2713"]

1.d4 d5 2.c4 c6 3.cxd5 cxd5 4.Bg5 Nc6 5.Nc3 Nf6 6.Bxf6 gxf6 7.e3 e6 8.Nf3 Bd7
9.Rc1 Bd6 10.a3 f5 11.Bb5 O-O 12.Bxc6 Bxc6 13.O-O Kh8 14.Re1 f6 15.Ne2 Bd7
16.Nf4 Rc8 17.Rxc8 Qxc8 18.Qd2 Qb8 19.g3 Bxf4 20.exf4 Qd6 21.Qa5 Qb6 22.Qxb6 axb6
23.Rc1 Rc8 24.Rxc8+ Bxc8 25.Kf1 Bd7 26.Ke2 Kg7 27.Kd3 Kf8 28.Kc3 Ke7 29.Nh4 Kd6
30.Ng2 e5 31.Ne3 exf4 32.gxf4 Kc6 33.Kb4 Be6 34.a4 Bd7 35.Nf1 Be8 36.Ng3 Bg6
37.Nf1 Bf7 38.b3 Be8 39.Ne3 Bd7 40.Nc2 Be6 41.Na3 Bd7 42.Nb5 Be8 43.Nc3 Bd7
44.a5 bxa5+ 45.Kxa5 Bc8 46.Kb4 b6 47.Nd1 Bd7 48.Ne3 Be6 49.Nf1 Bf7 50.Ng3 Bg6
51.h4 h5 52.Ka4 Kb7 53.Kb5 Be8+ 54.Kb4 Bg6 55.Ne2 Kc6 56.Nc1 Be8 57.Nd3 Kd6
58.Nb2 Kc6 59.Na4 Bd7 60.Nc3 Be8 61.Ka3 Bd7 62.b4 b5 63.Ne2 Be8 64.Kb3 Bf7
65.Nc1 Kd6 66.Nd3 Be8 67.Nc5 Bc6 68.Kc3 Ke7 69.Nb3 Kd6 70.Nd2 Be8 71.Nf1 Bf7
72.Ng3  1/2-1/2

[Event "World Blitz 2016"]
[Site "Doha QAT"]
[Date "2016.12.29"]
[Round "12.16"]
[White "Malakhov,V"]
[Black "Li Chao2"]
[Result "1/2-1/2"]
[WhiteElo "2713"]
[BlackElo "2720"]

1.e4 c5 2.Nf3 d6 3.d4 cxd4 4.Qxd4 Nc6 5.Bb5 Bd7 6.Qd3 Nf6 7.O-O g6 8.c4 Bg7
9.Nc3 O-O 10.h3 a6 11.Bxc6 Bxc6 12.Nd4 Nd7 13.Be3 Rc8 14.Rac1 Nc5 15.Qc2 Ne6
16.Nxe6 fxe6 17.Qb3 Qd7 18.f3 b5 19.cxb5 axb5 20.a3 h5 21.Rfd1 Kh7 22.Qb4 Qb7
23.Ne2 Bd7 24.h4 Qa6 25.Nf4 Qa4 26.Qd2 Qb3 27.Nd3 Rc4 28.Bg5 Rfc8 29.Bxe7 Rxc1
30.Rxc1 Rxc1+ 31.Nxc1 Qxb2 32.Qxb2 Bxb2 33.Nd3 Bxa3 34.e5 Bc5+ 35.Nxc5  1/2-1/2

[Event "World Blitz 2016"]
[Site "Doha QAT"]
[Date "2016.12.30"]
[Round "13.16"]
[White "Khusnutdinov,R"]
[Black "Malakhov,V"]
[Result "1/2-1/2"]
[WhiteElo "2458"]
[BlackElo "2713"]

1.d4 d5 2.Bf4 Nf6 3.e3 c5 4.c3 Nc6 5.Nd2 e6 6.Ngf3 Bd6 7.Bg3 O-O 8.Bb5 Ne7
9.Bd3 Qc7 10.O-O b6 11.e4 Bxg3 12.hxg3 dxe4 13.Nxe4 Nxe4 14.Bxe4 Bb7 15.Bxb7 Qxb7
16.dxc5 bxc5 17.b3 Rfd8 18.Qc2 h6 19.Rad1 a5 20.Rd2 Rxd2 21.Nxd2 a4 22.bxa4 Qa6
23.Rb1 Qe2 24.Qe4 Qxe4 25.Nxe4 Rxa4 26.Nxc5 Rxa2 27.Rb8+ Kh7 28.Rb7 Ng6 29.Rxf7 Ne5
30.Rf4 h5 31.f3 Rc2 32.Nxe6 Nd3 33.Rf5 Kh6 34.Rd5 Rxc3 35.Rd6 g6 36.Kf1 Ne5
37.Nf4 Rc1+ 38.Ke2 Rc6 39.Rxc6 Nxc6 40.Ke3 Ne7 41.Ke4 Nf5 42.Ne2 Kg7 43.Ke5 Kf7
44.Ke4 Kf6 45.f4 Nd6+ 46.Kf3 Nf5 47.Nc3 Nd4+ 48.Ke3 Nf5+ 49.Kf2 Nd4 50.Ne2 Nb3
51.Ke3 Kf5 52.Kf3 Nd2+ 53.Ke3 Nb3 54.Kf3 Nd2+  1/2-1/2

[Event "World Blitz 2016"]
[Site "Doha QAT"]
[Date "2016.12.30"]
[Round "15.11"]
[White "Aronian,L"]
[Black "Malakhov,V"]
[Result "0-1"]
[WhiteElo "2785"]
[BlackElo "2713"]

1.c4 Nf6 2.g3 c6 3.Bg2 d5 4.Nf3 dxc4 5.O-O g6 6.Na3 Bg7 7.Nxc4 O-O 8.b3 Nbd7
9.Bb2 Nb6 10.Qc1 Nxc4 11.bxc4 Bg4 12.h3 Bxf3 13.Bxf3 Qc7 14.Rb1 Rab8 15.Bc3 Nd7
16.d4 c5 17.d5 Bxc3 18.Qxc3 b6 19.h4 Nf6 20.Rfd1 Rbd8 21.h5 Nd7 22.Rb3 Ne5
23.Kg2 Qd6 24.Rh1 g5 25.h6 f5 26.Rh5 Qf6 27.Kg1 Nf7 28.Qc1 Kh8 29.Re3 Rd6
30.Qa3 a5 31.Qd3 Nxh6 32.Re6 Rxe6 33.dxe6 Ng8 34.Bd5 h6 35.f4 gxf4 36.Kf2 Qg6
37.Rh3 Nf6 38.gxf4 Ng4+ 39.Ke1 Qf6 40.Qc3 Qxc3+ 41.Rxc3 Kg7 42.Rb3 Rb8 43.Rg3 h5
44.Rh3 Kh6 45.Kd2 b5 46.cxb5 Rxb5 47.Kc3 Nf6 48.Bf3 Rb6 49.Kc4 Rxe6 50.Kxc5 Re3
51.a4 Rb3 52.Rh1 Rb4 53.Bc6 Ne4+ 54.Kd5 Nc3+ 55.Ke5 Nxe2 56.Kxf5 Ng3+  0-1

[Event "World Blitz 2016"]
[Site "Doha QAT"]
[Date "2016.12.30"]
[Round "16.11"]
[White "Malakhov,V"]
[Black "Salem,AR"]
[Result "0-1"]
[WhiteElo "2713"]
[BlackElo "2656"]

1.e4 c5 2.Nf3 d6 3.d4 cxd4 4.Qxd4 Nf6 5.Bb5+ Nbd7 6.O-O a6 7.Bxd7+ Bxd7 8.c4 g6
9.Nc3 Bg7 10.h3 O-O 11.Qd3 Qb8 12.Bg5 b5 13.c5 b4 14.Bxf6 Bxf6 15.cxd6 bxc3
16.dxe7 Bb5 17.exf8=Q+ Kxf8 18.Qe3 cxb2 19.Rab1 Bxf1 20.Kxf1 Qb5+ 21.Qe2 Rc8
22.Qxb5 Rc1+ 23.Ke2 axb5 24.Nd2 Bc3 25.a3 Bxd2 26.Rxb2 Bc3 27.Rxb5 Ra1 28.Rb3 Bd4
29.f4 Bc5 30.e5 Ra2+ 31.Ke1 Rxg2 32.a4 Ra2  0-1

[Event "World Blitz 2016"]
[Site "Doha QAT"]
[Date "2016.12.30"]
[Round "17.18"]
[White "Bortnyk,Olexandr"]
[Black "Malakhov,V"]
[Result "0-1"]
[WhiteElo "2581"]
[BlackElo "2713"]

1.e4 e5 2.Nf3 Nc6 3.Bb5 Nf6 4.Qe2 Bd6 5.c3 O-O 6.d3 Re8 7.O-O Bf8 8.Rd1 h6
9.Nbd2 d6 10.Nf1 Bd7 11.a3 Na5 12.Bxd7 Qxd7 13.b4 Nb3 14.Rb1 Nxc1 15.Rbxc1 d5
16.c4 c6 17.exd5 cxd5 18.Nxe5 Qa4 19.d4 Qxa3 20.cxd5 Qxb4 21.Ne3 Qd6 22.Qf3 a5
23.Rc3 Ra6 24.Rb3 a4 25.Rxb7 a3 26.Nxf7 Rxe3 27.fxe3 Qxd5 28.Ne5 Qxf3 29.gxf3 Nd5
30.Rb8 Nxe3 31.Ra1 Nc2 32.Ra2 Nb4 33.Ra1 Nc2 34.Ra2 Nb4 35.Ra1 Nc2 36.Rc1 a2
37.Nd7 a1=Q 38.Rxf8+ Kh7 39.Rxa1 Rxa1+ 40.Kf2 Nxd4 41.Re8 Nf5 42.Nf8+ Kg8
43.Rb8 Kf7 44.Nd7 Ra2+ 45.Kg1 Nd4 46.Ne5+  0-1

[Event "World Blitz 2016"]
[Site "Doha QAT"]
[Date "2016.12.30"]
[Round "18.14"]
[White "Malakhov,V"]
[Black "Matlakov,M"]
[Result "0-1"]
[WhiteElo "2713"]
[BlackElo "2694"]

1.Nf3 d5 2.e3 Nf6 3.c4 e6 4.b3 Be7 5.Bb2 O-O 6.Nc3 dxc4 7.Bxc4 c5 8.d4 cxd4
9.Nxd4 a6 10.a4 b6 11.O-O Bb7 12.Rc1 Nbd7 13.Be2 Ne5 14.Nf3 Nc6 15.Qxd8 Rfxd8
16.Rfd1 Na5 17.Nd2 Rxd2 18.Rxd2 Nxb3 19.Rcd1 Nxd2 20.Rxd2 Rc8 21.h3 Bb4 22.Rd4 Bc5
23.Rd1 Kf8 24.Bd3 Ke7 25.Ne2 Rd8 26.Nd4 Rc8 27.Nb3 Bd6 28.Bd4 Nd7 29.Nd2 Be5
30.Nc4 Bxd4 31.exd4 Bc6 32.Rb1 Rb8 33.Ne3 Bxa4 34.Bxa6 b5 35.d5 Nc5 36.dxe6 fxe6  0-1

[Event "World Blitz 2016"]
[Site "Doha QAT"]
[Date "2016.12.30"]
[Round "19.18"]
[White "Naiditsch,A"]
[Black "Malakhov,V"]
[Result "1-0"]
[WhiteElo "2687"]
[BlackElo "2713"]

1.e4 e5 2.Nf3 Nc6 3.Nc3 Nf6 4.Bb5 Bd6 5.d3 O-O 6.a3 Re8 7.g4 Bc5 8.Rg1 d5
9.g5 Ng4 10.Rg2 Nxf2 11.Rxf2 Bxf2+ 12.Kxf2 d4 13.Ne2 Qd6 14.Ng3 Bg4 15.Qh1 Rf8
16.Bc4 Ne7 17.h3 Be6 18.Nh4 Bxc4 19.dxc4 f6 20.Nhf5 Nxf5 21.exf5 fxg5 22.Bxg5 c6
23.Re1 d3 24.cxd3 Qxd3 25.Qe4 Qb3 26.Re2 Rae8 27.Kg2 Rf7 28.Rd2 Ref8 29.h4 b5
30.cxb5 cxb5 31.Qxe5 h6 32.Be3 Rc8 33.Nh5 Rc2 34.f6 Rxd2+ 35.Bxd2 Qd3 36.Bc3 Qc2+
37.Kf3 Qd1+ 38.Kf2 Qc2+ 39.Qe2 Qf5+ 40.Qf3 Qc5+ 41.Kg2 g6 42.Nf4 Qf5 43.Kg3 a5
44.Qa8+ Kh7 45.Qe8 Rd7 46.f7 Rd3+ 47.Nxd3 Qxd3+ 48.Kf2 Qf5+ 49.Ke3 Qc5+ 50.Kd2 Qf2+
51.Qe2 Qxf7 52.Qe5 Qf2+ 53.Kd3 Qf1+ 54.Kd4 Qf2+ 55.Kd5 Qf3+ 56.Kc5 Qf2+ 57.Kc6 Qf3+
58.Kb6 Qf2+ 59.Ka6 Qf8 60.Kxa5 Qa8+ 61.Kb4 Qa4+ 62.Kc5 Qa7+ 63.Kxb5 Qb7+
64.Kc4 Qc6+ 65.Qc5 Qe6+ 66.Qd5 Qa6+ 67.Kb3 Qb6+ 68.Ka2 Qc7 69.a4 g5 70.hxg5 hxg5
71.a5 g4 72.Qh5+ Kg8 73.Qh8+  1-0

[Event "World Blitz 2016"]
[Site "Doha QAT"]
[Date "2016.12.30"]
[Round "20.25"]
[White "Malakhov,V"]
[Black "Bok,B"]
[Result "1/2-1/2"]
[WhiteElo "2713"]
[BlackElo "2598"]

1.Nf3 c5 2.c4 Nf6 3.Nc3 d5 4.cxd5 Nxd5 5.e3 e6 6.Bb5+ Bd7 7.Be2 Bd6 8.O-O O-O
9.d4 Nxc3 10.bxc3 Bc6 11.c4 cxd4 12.Nxd4 Qc7 13.h3 Bh2+ 14.Kh1 Be5 15.Bb2 Nd7
16.Qc2 Rac8 17.Rad1 Rfd8 18.Nxc6 bxc6 19.Ba3 c5 20.Qa4 g6 21.Bc1 Kg7 22.Bd2 Nb6
23.Qb5 Bf6 24.Ba5 Qe5 25.Bxb6 axb6 26.Qxb6 Rb8 27.Qc6 Rxd1 28.Bxd1 Rb1 29.Be2 Qa1
30.Kg1 Rxf1+ 31.Bxf1 Qxa2 32.Qxc5 Qb2 33.Qc8 Bc3 34.Qc7 Be1 35.Qf4 Bb4 36.h4 h5
37.g3 Qc3 38.Bg2 Qc1+ 39.Kh2 Qc3 40.Qe4 Qf6 41.Kg1 Qe7 42.Qa8 Bc5 43.Bc6 Qd6
44.Kg2 Qe7 45.Qa1+ Qf6 46.Qa8 Qb2 47.Be8 Qf6 48.Qc6 Qe7 49.Bd7 Qd6 50.Qb5 Qe7
51.Bc6 Qd6 52.Qb2+ Kg8 53.Bf3 Qe7 54.Qe5 Qd6 55.Qe4 Qe7 56.Kh3 Qd6 57.g4 hxg4+
58.Bxg4 f5 59.Qa8+ Qf8 60.Qxf8+ Kxf8 61.Bd1 Kg7 62.Ba4 Kf6 63.Kg3 Bd6+ 64.Kf3 Be7
65.Be8 Kg7 66.Kg3 Kf6 67.f4 Bc5 68.Kf3 Bb4 69.e4 fxe4+ 70.Kxe4 Bc5 71.Bd7 Bf2
72.Kf3 Bxh4 73.c5 Be1 74.c6 Ba5 75.Be8 g5 76.Ke4  1/2-1/2

[Event "World Blitz 2016"]
[Site "Doha QAT"]
[Date "2016.12.30"]
[Round "21.22"]
[White "Grandelius,N"]
[Black "Malakhov,V"]
[Result "1/2-1/2"]
[WhiteElo "2643"]
[BlackElo "2713"]

1.d4 d5 2.Nc3 g6 3.e4 dxe4 4.Nxe4 Bg7 5.Nf3 Bg4 6.c3 Nd7 7.Bc4 Ngf6 8.Neg5 O-O
9.h3 Bxf3 10.Nxf3 e6 11.O-O c5 12.dxc5 Nxc5 13.Qxd8 Rfxd8 14.Be3 Na4 15.Rab1 Nd5
16.Bg5 f6 17.Bd2 Kf7 18.Rfd1 a6 19.Bb3 Nc5 20.Bc2 Rac8 21.c4 Ne7 22.b4 Nd7
23.Bb3 Nc6 24.c5 Nde5 25.Nxe5+ Nxe5 26.Bc3 Nd3 27.g3 Ke7 28.Bc4 Ne5 29.Bxe5 fxe5
30.Bf1 Rd4 31.Bg2 Rc7 32.a3 Rcd7 33.Rxd4 exd4 34.Rd1 d3 35.a4 Bc3 36.b5 axb5
37.axb5 d2 38.b6 Kd8 39.Kf1 Kc8 40.c6 bxc6 41.Bxc6 Rd6 42.b7+ Kb8 43.Bf3 Rd4
44.Ke2 e5 45.Ke3 Rd6 46.Be4 h5 47.h4 Bd4+ 48.Kxd2 Bxf2+ 49.Ke2 Rxd1 50.Kxd1  1/2-1/2

[Event "2nd Bundesliga Sud 2016-17"]
[Site "Germany GER"]
[Date "2017.01.15"]
[Round "4.1"]
[White "Baklan,V"]
[Black "Malakhov,V"]
[Result "1/2-1/2"]
[WhiteElo "2617"]
[BlackElo "2693"]

1.e4 e5 2.Nf3 Nc6 3.Bb5 Nf6 4.O-O Nxe4 5.Re1 Nd6 6.Nxe5 Be7 7.Bf1 Nf5 8.Nf3 O-O
9.d4 d5 10.c3 Bd6 11.Bd3 Re8 12.Rxe8+ Qxe8 13.Qc2 g6 14.Nbd2 b6 15.Nf1 Bd7
16.Bd2 Qf8 17.Re1 Re8 18.Rxe8 Qxe8 19.Qc1 f6 20.Bf4 Qe7 21.h3 Bxf4 22.Qxf4 Qd6
23.Qd2 Nce7 24.Ne3 Nxe3 25.Qxe3 g5 26.h4 h6 27.hxg5 hxg5 28.Nd2 Kf7 29.Nf1 Qf4
30.Qxf4 gxf4 31.Nd2 Bf5 32.Bxf5 Nxf5 33.Kf1 Ke6 34.Ke2 Nd6 35.Kd3 Nf5 36.Nf3 c6
37.Ke2 a5 38.Ne1 Nh4 39.Nd3 Kf5 40.g3 fxg3 41.fxg3 Ng6 42.Kf3 a4 43.b3 axb3
44.axb3 Kg5 45.Nb4 Ne7 46.g4 f5 47.gxf5  1/2-1/2

[Event "TCh-FRA Top 12 2017"]
[Site "Chartres FRA"]
[Date "2017.05.18"]
[Round "1.5"]
[White "Solodovnichenko,Y"]
[Black "Malakhov,V"]
[Result "1/2-1/2"]
[WhiteElo "2576"]
[BlackElo "2712"]

1.e4 e5 2.Nf3 Nc6 3.Bb5 Nf6 4.O-O Nxe4 5.Re1 Nd6 6.Ba4 Be7 7.Nc3 O-O 8.d4 e4
9.Nxe4 Nxe4 10.Rxe4 d5 11.Re1 Bd6 12.c3 Ne7 13.Bc2 Bf5 14.Bxf5 Nxf5 15.Qb3 Rb8
16.Bg5 Qd7 17.Ne5 Bxe5 18.Rxe5 c6 19.Qc2 Nxd4 20.cxd4 f6 21.Bxf6 Rxf6 22.Qe2 Rbf8
23.f3 Qc7 24.Rd1 Qb6 25.b3 a5 26.Re7 R8f7 27.Re8+ Rf8 28.Re7 R8f7 29.Re8+ Rf8
30.Re7  1/2-1/2

[Event "TCh-FRA Top 12 2017"]
[Site "Chartres FRA"]
[Date "2017.05.19"]
[Round "2.2"]
[White "Malakhov,V"]
[Black "David,Alb"]
[Result "1-0"]
[WhiteElo "2712"]
[BlackElo "2548"]

1.e4 c5 2.Nf3 e6 3.d4 cxd4 4.Nxd4 a6 5.Bd3 Bc5 6.Nb3 Be7 7.O-O d6 8.c4 Nf6
9.Nc3 b6 10.Be3 Bb7 11.f3 O-O 12.Qd2 Nbd7 13.Rfd1 Qc7 14.Rac1 Rfc8 15.Bf1 Rab8
16.Qf2 Qd8 17.Nd4 Kh8 18.b4 Qg8 19.Nb3 g5 20.c5 dxc5 21.bxc5 g4 22.cxb6 gxf3
23.Qxf3 Ne5 24.Qf4 Ng6 25.Qg3 Rxc3 26.Rxc3 Nxe4 27.Qc7 Bf6 28.Rc2 Ne5 29.Na5 Nf3+
30.Kh1 Be5 31.gxf3 Bxc7 32.bxc7 Nd2  1-0

[Event "TCh-FRA Top 12 2017"]
[Site "Chartres FRA"]
[Date "2017.05.20"]
[Round "3.3"]
[White "Flear,G"]
[Black "Malakhov,V"]
[Result "0-1"]
[WhiteElo "2439"]
[BlackElo "2712"]

1.d4 g6 2.e4 Bg7 3.c4 c5 4.d5 d6 5.Nc3 e6 6.Nf3 exd5 7.cxd5 a6 8.h3 b5 9.Bd3 Nf6
10.O-O O-O 11.Re1 Nbd7 12.Bf4 Qb6 13.Qd2 Re8 14.a3 c4 15.Bc2 Nc5 16.e5 dxe5
17.Bxe5 Bb7 18.Rad1 Ncd7 19.Bf4 Rxe1+ 20.Rxe1 Re8 21.Rxe8+ Nxe8 22.d6 Bxf3
23.gxf3 Bf8 24.Nd5 Qd8 25.Nc7 Ndf6 26.Nxa6 Bxd6 27.Nb4 Nh5 28.Bxd6 Nxd6 29.Nd5 Ne8
30.Qe3 Qxd5 31.Qxe8+ Kg7 32.Qe3 Qd6 33.a4 b4 34.a5 Qf6 35.Qc5 Qxb2 36.Qxc4 Qa1+
37.Kg2 Qxa5 38.Bb3 Qg5+ 39.Kf1 Qf4 40.Qc6 Qf5  0-1

[Event "TCh-FRA Top 12 2017"]
[Site "Chartres FRA"]
[Date "2017.05.21"]
[Round "4.1"]
[White "Malakhov,V"]
[Black "Gledura,B"]
[Result "1/2-1/2"]
[WhiteElo "2712"]
[BlackElo "2602"]

1.e4 e5 2.Nf3 Nc6 3.Bc4 Bc5 4.O-O Nf6 5.d3 d6 6.c3 a5 7.h3 h6 8.Re1 O-O 9.Nbd2 a4
10.Nf1 Bd7 11.d4 Bb6 12.Ng3 Re8 13.dxe5 dxe5 14.Be3 Qe7 15.Bxb6 cxb6 16.b4 axb3
17.axb3 Rxa1 18.Qxa1 Na5 19.Nd2 Nxc4 20.Nxc4 Qc5 21.Qa7 Be6 22.Qxb6 Qxb6
23.Nxb6 Bxb3 24.Rb1 Be6 25.c4 Rd8 26.Nd5 Bxd5 27.cxd5 Rd7 28.f3 g6 29.Nf1 Ne8
30.Ne3 h5 31.Nc4 f6 32.g4 hxg4 33.hxg4 Rc7 34.Na5 f5 35.Rb6 fxe4 36.fxe4 Kf7
37.g5 Rc5 38.Rxb7+ Kf8 39.Nc6 Nd6 40.Rb4 Nf7 41.Rb8+ Kg7 42.Rb7 Kf8 43.Rxf7+ Kxf7
44.Nxe5+ Ke7 45.Nxg6+ Kd6 46.Kf2 Rc3 47.Nf8 Rc8 48.Ne6 Ke5 49.Kf3 Rc3+ 50.Kg4 Rc4
51.g6 Rxe4+ 52.Kf3 Re1 53.Kf2 Re4 54.Kf3 Re1 55.Kf2  1/2-1/2

[Event "TCh-FRA Top 12 2017"]
[Site "Chartres FRA"]
[Date "2017.05.22"]
[Round "5.3"]
[White "Malakhov,V"]
[Black "Kuzubov,Y"]
[Result "1/2-1/2"]
[WhiteElo "2712"]
[BlackElo "2637"]

1.Nf3 c5 2.e4 d6 3.d4 cxd4 4.Nxd4 Nf6 5.Nc3 a6 6.g3 e5 7.Nde2 Be7 8.Bg2 b5
9.Nd5 Nbd7 10.Nec3 Bb7 11.a4 Nxd5 12.Nxd5 Nf6 13.Nxe7 Qxe7 14.axb5 axb5 15.Rxa8+ Bxa8
16.Bg5 O-O 17.O-O h6 18.Bxf6 Qxf6 19.Qd3 Bc6 20.Rd1 Rd8 21.Qc3 Rc8 22.Qb4 Rd8
23.Qc3 Rc8 24.Qb4 Rd8 25.Qa5 Qe7 26.Qb6 Rc8 27.Bh3 Qd8 28.Qa6 Rc7 29.Bg2 Qd7
30.h4 Ra7 31.Qb6 Rb7 32.Qa5 Ra7 33.Qb6 Rb7 34.Qe3 Ra7 35.Qd3 Ra4 36.c3 Qg4
37.Bf3 Bxe4 38.Bxg4 Bxd3 39.Rxd3 Rxg4 40.Rxd6 b4 41.Rd8+ Kh7 42.Rc8 bxc3
43.bxc3 Ra4 44.c4 Kg6 45.c5 Kf6 46.c6 Rc4 47.Kg2 Ke7 48.h5 Kd6 49.Rf8 Ke7
50.Rc8  1/2-1/2

[Event "TCh-FRA Top 12 2017"]
[Site "Chartres FRA"]
[Date "2017.05.23"]
[Round "6.2"]
[White "Li Chao2"]
[Black "Malakhov,V"]
[Result "1/2-1/2"]
[WhiteElo "2722"]
[BlackElo "2712"]

1.d4 d5 2.c4 c6 3.Nf3 Nf6 4.Nc3 a6 5.c5 Nbd7 6.Bf4 Nh5 7.Bd2 Nhf6 8.Rc1 g6
9.g3 Bg7 10.Bg2 O-O 11.O-O Re8 12.Re1 Ne4 13.Bf4 Nxc3 14.bxc3 b5 15.cxb6 Nxb6
16.e4 Bg4 17.h3 Bxf3 18.Bxf3 e6 19.h4 a5 20.Rb1 a4 21.h5 Ra7 22.hxg6 hxg6
23.Kg2 dxe4 24.Bxe4 Nd5 25.Bd2 Qd7 26.Bf3 Rc8 27.Rh1 Rca8 28.Qc1 Rb7 29.Rxb7 Qxb7
30.Bh6 Bf6 31.c4 Nc7 32.Qf4 Ne8 33.Bg5 Bg7 34.Qh4 Ra5 35.Bd2 Ra6 36.a3 Rb6
37.Bb4 Nf6 38.Bc5 Rb3 39.Bd1 Rc3 40.g4 Qb1 41.Bf3 Rc1 42.Bxc6 Rxh1 43.Qxh1 Qc2
44.Qe1 Nxg4 45.Bf3 Nf6 46.Qe2 Qc3 47.Ba7 Qa5 48.Bb8 Nd7 49.Qb2 Qa6 50.Qb4 Bxd4
51.Bb7 Bc5 52.Bxa6 Bxb4 53.Bc7 Bxa3 54.Bb5 Nf6 55.Bb6 Kf8 56.Bd4 Nh5 57.Kf3 Ke7
58.c5 Nf6 59.Bxf6+ Kxf6 60.c6 Bd6 61.Bxa4 Ke5 62.Bb3 Bc7 63.Ke2 Kd6 64.Ba4 Kd5
65.Kf3 Kc5 66.Ke2 Kb4 67.Bc2 Kb5 68.Be4 Kc5 69.f3 Kd4 70.Bc2 Ke5 71.Bd3 Kf4
72.Bc4 g5 73.Bb3 Bb6 74.Bc4 Kf5 75.Bd3+ Ke5 76.Bc4 f6 77.Bb3 Kf5 78.Kf1 e5
79.Kg2 Kf4 80.Bd1 Bc7 81.Be2 f5 82.Bd1 e4 83.fxe4 Kxe4 84.Bc2+ Kf4 85.Bd3 g4
86.Bc2 Bd6 87.Bd3 Ke5 88.Bc2 Bc7  1/2-1/2

[Event "TCh-FRA Top 12 2017"]
[Site "Chartres FRA"]
[Date "2017.05.28"]
[Round "11.3"]
[White "Vachier Lagrave,M"]
[Black "Malakhov,V"]
[Result "1/2-1/2"]
[WhiteElo "2795"]
[BlackElo "2712"]

1.e4 e5 2.Nf3 Nc6 3.Bb5 Nf6 4.d3 Bc5 5.c3 O-O 6.Bg5 h6 7.Bh4 Be7 8.O-O d6
9.Bg3 Bd7 10.h3 Nh7 11.Nbd2 Ng5 12.Re1 Nxf3+ 13.Nxf3 Bf6 14.a4 a6 15.Bc4 Ne7
16.d4 Ng6 17.b4 a5 18.b5 Qe7 19.Ra2 b6 20.Bd5 Rad8 21.c4 exd4 22.Nxd4 Be5
23.Ra3 Kh8 24.Qd2 Qg5 25.Qxg5 hxg5 26.Bxe5 dxe5 27.Nc6 Bxc6 28.bxc6 Ne7 29.Rc1 f6
30.Rb3 Kh7 31.Kf1 Nxd5 32.cxd5 Kg6 33.Ke2 Kf7 34.Rg3 Rh8 35.Kd3 Rh7 36.Kc4 Ke7
37.Rg4 Kd6 38.Rc3 Rdh8 39.Kb5 Rh5 40.Rf3 Rd8 41.Rf5 Rdh8 42.Rf3 R5h7 43.Rf5 Ra8
44.Rgxg5 fxg5 45.Rf7 Rd8 46.f3 Rhh8 47.Rxg7 Rhg8 48.Rh7 Rh8 49.Rg7 Rhg8  1/2-1/2

[Event "8th Danzhou Super GM 2017"]
[Site "Danzhou CHN"]
[Date "2017.07.09"]
[Round "1.1"]
[White "Malakhov,V"]
[Black "Ivanchuk,V"]
[Result "1/2-1/2"]
[WhiteElo "2722"]
[BlackElo "2729"]

1.Nf3 Nf6 2.c4 g6 3.b3 Bg7 4.Bb2 c5 5.g3 b6 6.Bg2 Bb7 7.O-O O-O 8.Nc3 d5
9.Nxd5 Nxd5 10.Bxg7 Kxg7 11.cxd5 Qxd5 12.d4 Na6 13.Nh4 Qd7 14.dxc5 Qxd1 15.Rfxd1 Bxg2
16.Nxg2 Nxc5 17.b4 Na6 18.a3 Rfd8 19.Nf4 Nc7 20.Rxd8 Rxd8 21.Rc1 Rd7 22.f3 e5
23.Nd3 f6 24.a4 Kf7 25.Kf2 Ne6 26.Rc8 Rd8 27.Rc3 Rd7 28.Rc8 Rd8 29.Rc3  1/2-1/2

[Event "8th Danzhou Super GM 2017"]
[Site "Danzhou CHN"]
[Date "2017.07.10"]
[Round "2.5"]
[White "Malakhov,V"]
[Black "Naiditsch,A"]
[Result "1/2-1/2"]
[WhiteElo "2722"]
[BlackElo "2712"]

1.e4 c5 2.Nf3 d6 3.d4 Nf6 4.Nc3 cxd4 5.Nxd4 a6 6.g3 Bd7 7.Bg2 Nc6 8.O-O e6
9.Be3 Be7 10.Nxc6 Bxc6 11.a4 O-O 12.a5 Nd7 13.Na4 f5 14.Nb6 Nxb6 15.Bxb6 Qd7
16.Qd3 fxe4 17.Bxe4 Bxe4 18.Qxe4 Bd8 19.Bd4 Bf6 20.Rad1 d5 21.Qe3 Qc6 22.c3 Rae8
23.f4 Qb5 24.Bc5 Rf7 25.b4 Rc7 26.Rf3 Qc4 27.Re1 Rcc8 28.Qd3 Qxd3 29.Rxd3 Kf7
30.f5 exf5 31.Rxe8 Kxe8 32.Rxd5 Bxc3 33.Rxf5 Bf6 34.g4 Rd8 35.g5 Bc3 36.Rf4 Rd2
37.Rc4 Ba1 38.Bb6 Ke7 39.Rh4 Kf7 40.Re4 Rd7 41.Kg2 Kg6 42.Be3 Rd5 43.Kf3 Be5
44.h4 Kf5 45.h5 Rd3 46.Rh4 Rb3 47.Ke2 Ke6 48.h6 g6 49.Bd2 Kd5 50.Kd1 Rb2
51.Rg4 Ra2 52.Rh4 Rb2 53.Rg4 Rb3 54.Kc2 Rf3 55.Rg1 Rf2 56.Kd3 Bd6 57.Rb1 Rf3+
58.Ke2 Rf7 59.b5 axb5 60.Rxb5+ Kc4 61.Rb1 Re7+ 62.Kf3 Rf7+ 63.Ke4 Re7+ 64.Kf3 Rf7+
65.Ke4 Re7+  1/2-1/2

[Event "8th Danzhou Super GM 2017"]
[Site "Danzhou CHN"]
[Date "2017.07.12"]
[Round "4.4"]
[White "Malakhov,V"]
[Black "Le Quang Liem"]
[Result "0-1"]
[WhiteElo "2722"]
[BlackElo "2726"]

1.e4 e5 2.Nf3 Nc6 3.Bc4 Bc5 4.O-O Nf6 5.d3 O-O 6.h3 h6 7.Re1 d6 8.c3 a5 9.a4 Re8
10.Nbd2 Be6 11.Bb5 Bd7 12.Nc4 Ne7 13.Bxd7 Qxd7 14.Be3 Bxe3 15.Rxe3 Ng6 16.Qb3 b6
17.Rae1 Rad8 18.Qd1 Qe6 19.Nfd2 d5 20.exd5 Nxd5 21.Re4 f5 22.Rxe5 Nxe5 23.Nxe5 Nf4
24.Ndf3 c5 25.h4 Qd5 26.Qd2 Nh5 27.d4 cxd4 28.cxd4 Nf6 29.b4 Ne4 30.Qb2 Rc8
31.bxa5 bxa5 32.h5 Rb8 33.Qc1 Qa2 34.Rf1 Rec8 35.Qf4 Rb1 36.Nh2 Nd2 37.Ng6 Nxf1
38.Nxf1 Rxf1+  0-1

[Event "8th Danzhou Super GM 2017"]
[Site "Danzhou CHN"]
[Date "2017.07.13"]
[Round "5.3"]
[White "Lu Shanglei"]
[Black "Malakhov,V"]
[Result "1/2-1/2"]
[WhiteElo "2638"]
[BlackElo "2722"]

1.e4 e5 2.Nf3 Nc6 3.Bb5 Nf6 4.O-O Nxe4 5.Re1 Nd6 6.Nxe5 Be7 7.Bf1 Nxe5 8.Rxe5 O-O
9.d4 Bf6 10.Re1 Nf5 11.c3 d5 12.Bd3 c6 13.Bf4 Bg5 14.Qg4 Bxf4 15.Qxf4 Qd6
16.Qxd6 Nxd6 17.Nd2 Bf5 18.Bxf5 Nxf5 19.f3 Rfe8 20.Kf2 f6 21.Nf1 Kf7 22.Ne3 Nxe3
23.Rxe3 Rxe3 24.Kxe3 Re8+ 25.Kf2 Re7 26.Re1 Rxe1 27.Kxe1 Ke8 28.Ke2 Ke7 29.Kf2 Kf7
30.Ke2 Ke7 31.Kf2 Kf7 32.Ke2  1/2-1/2

[Event "8th Danzhou Super GM 2017"]
[Site "Danzhou CHN"]
[Date "2017.07.16"]
[Round "7.4"]
[White "Ponomariov,R"]
[Black "Malakhov,V"]
[Result "1-0"]
[WhiteElo "2699"]
[BlackElo "2722"]

1.d4 d5 2.c4 c6 3.Nf3 Nf6 4.Nc3 a6 5.c5 Nbd7 6.Bf4 Nh5 7.Bd2 Nhf6 8.Bf4 Nh5
9.Bd2 Nhf6 10.Qc2 g6 11.g3 Bg7 12.Bg2 O-O 13.O-O Re8 14.Rad1 b5 15.Bg5 a5
16.e4 b4 17.exd5 bxc3 18.dxc6 Nf8 19.bxc3 Bf5 20.Qb3 a4 21.Qa3 Ne4 22.Be3 Qa5
23.Rc1 Qa6 24.c4 Qxc6 25.Ng5 e6 26.g4 h6 27.gxf5 hxg5 28.f6 Bxf6 29.Qd3 Rad8
30.Bxe4 Qc8 31.Qc3 Bg7 32.Bg2 f5 33.Rcd1 f4 34.Bc1 Qxc5 35.dxc5 Bxc3 36.Bc6 Rxd1
37.Rxd1 Rc8 38.Bxa4 Rxc5 39.Bb5 Rc8 40.a4 e5 41.Rd5 Nh7 42.Rd6 Kg7 43.Ba3 Bd4
44.Rc6 Ra8 45.Rc7+ Kh6 46.c5 Nf6 47.Rf7 Ne4 48.c6 Bxf2+ 49.Kg2 g4 50.c7 f3+
51.Kf1 g3 52.hxg3 Bb6 53.Rf8 Nxg3+ 54.Ke1 f2+ 55.Kd1 f1=Q+ 56.Bxf1 Bxc7 57.Rxa8 Nxf1
58.a5 Ne3+ 59.Ke2 Nd5 60.a6 Bb6 61.Kf3 Nc7 62.Rc8  1-0